| Tag |
First Indicator |
Second Indicator |
Subfields |
| LEADER |
00000cam a22000004a 4500 |
| 001 |
in00001785821 |
| 005 |
20151025103429.0 |
| 008 |
031002s2003 enk 001 0 eng |
| 015 |
|
|
|a GBA1-U9567
|
| 020 |
|
|
|a 0297643185
|
| 035 |
|
|
|a (OCoLC)ocm48236715
|
| 040 |
|
|
|a UKM
|c UKM
|d CUS
|d DAY
|d TXA
|d UtOrBLW
|
| 042 |
|
|
|a pcc
|
| 049 |
|
|
|a TXAM
|
| 050 |
|
4 |
|a GN740
|b .M58 2003
|
| 082 |
0 |
4 |
|a 930
|2 21
|
| 100 |
1 |
|
|a Mithen, Steven J.
|
| 245 |
1 |
0 |
|a After the ice ;
|b a global human history, 20,000-5000 B.C. /
|c Steve Mithen.
|
| 264 |
|
1 |
|a London :
|b Weidenfeld & Nicolson,
|c 2003.
|
| 300 |
|
|
|a xiii, 622 pages, 24 unnumbered pages of plates :
|b illustrations (some color), maps ;
|c 24 cm.
|
| 336 |
|
|
|a text
|b txt
|2 rdacontent
|
| 337 |
|
|
|a unmediated
|b n
|2 rdamedia
|
| 338 |
|
|
|a volume
|b nc
|2 rdacarrier
|
| 504 |
|
|
|a Includes bibliographical references (pages [575]-610) and index.
|
| 650 |
|
0 |
|a Prehistoric peoples
|x Social life and customs.
|
| 650 |
|
0 |
|a Prehistoric peoples
|x Social conditions.
|
| 650 |
|
0 |
|a Primitive societies
|x History.
|
| 650 |
|
0 |
|a Social evolution.
|
| 650 |
|
0 |
|a Antiquities, Prehistoric.
|
| 650 |
|
0 |
|a Civilization, Ancient.
|
| 650 |
|
0 |
|a History, Ancient.
|
| 650 |
|
0 |
|a Excavations (Archaeology)
|
| 948 |
|
|
|a cataloged
|b h
|c 2004/1/23
|d c
|e jgreene
|f 11:43:44 am
|
| 994 |
|
|
|a E0
|b TXA
|
| 999 |
|
|
|a MARS
|
| 999 |
f |
f |
|s cc3bcb18-71a0-355f-8874-333b063e9454
|i 62ba19a6-26a2-39dd-acd9-b116ad06fe1d
|t 0
|
| 952 |
f |
f |
|p normal
|a Texas A&M University
|b College Station
|c Sterling C. Evans Library
|d Evans: Library Stacks
|t 0
|e GN740 .M58 2003
|h Library of Congress classification
|i unmediated -- volume
|m A14831228379
|
| 998 |
f |
f |
|a GN740 .M58 2003
|t 0
|l Evans: Library Stacks
|